000 00324nam a2200121Ia 4500
008 240731s9999 xx 000 0 und d
022 _a1364-6885
245 0 _aInternational Review of Law, Computers & Technology
260 _bRoutledge
856 _uhttps://www.tandfonline.com/loi/cirl20
942 _2ddc
942 _cTFEJ
999 _c77309
_d77309
945 _a1
_bMadushi Gamage
_c1
_dMadushi Gamage